| 000 | 00516nam a2200205Ia 4500 | ||
|---|---|---|---|
| 999 |
_c50418 _d50418 |
||
| 001 | 17362 | ||
| 003 | GE_BSU | ||
| 005 | 20200227144454.0 | ||
| 008 | 181216s||||||||xx |||||||||||||| ||und|| | ||
| 020 | _a1842652516 | ||
| 040 | _cGE_BSU | ||
| 041 | _aeng | ||
| 080 | _a581 B-55 | ||
| 100 |
_aBhattacharyya, B. _97556 |
||
| 245 | _aSystematic Botany | ||
| 264 |
_aDelhi : _b Alpha Science Intl Ltd, _c2005. |
||
| 300 | _a337 p. | ||
| 653 | _aსისტემური ბოტანიკა | ||
| 942 |
_cBK _2udc |
||